000 009610000a22002530004500
003 EG-GICUC
005 20250223030115.0
008 091025s1974 ua f m 000 0 ara d
040 _aEG-GiCUC
_bara
_cEG-GiCUC
041 0 _aara
049 _aايداع
097 _aماجستير
099 _aCai01.02.03.M.A.1974.قت.ى
100 0 _aقتيبه امين شموط
245 1 2 _aاليقظة الفكرية والسياسية فى بلاد الشام 1876-1916 /
_cقتيبه امين شموط ؛ اشراف السيد رجب حراز
260 _aالقاهرة :
_bقتيبه امين شموط :
_c1974
300 _a271ورقة ؛
_c30سم
502 _aاطروحة(ماجستير) - جامعة القاهرة - كلية الاداب - قسم التاريخ
700 0 _aالسيد رجب حراز :
_eمشرف
856 _uhttp://172.23.153.220/th.pdf
905 _aFatma
_eCataloger
905 _aNazla
_eRevisor
942 _2ddc
_cTH
999 _c27655
_d27655